Представление документа в формате MARC21

Поле Инд. ПП Название Значение
Тип записи a
Библиографический уровень m
001 Контрольный номер RU/IS/BASE/376572708
005 Дата корректировки 20220805121051.4
040 b Код языка каталог. rus
041 0_ a Код языка текста rus
080 a Индекс УДК 004.42
084 a Индекс другой классификации/Индекс ББК 32.973.26-018.2
090 a Полочн. индекс 681.3
c Каталожный индекс 681.3
x Авторский знак П56
097 b Оператор 11
100 1_ a Автор Пономарёв В. А.
245 10 a Заглавие Программирование для ЭЦВМ "Мир-1"
260 a Место издания М.
b Издательство Советское радио
c Дата издания 1975
300 a Объем 215 с.
b Иллюстрации/ тип воспроизводства схем.
510 a Примечание о ссылках Книги и методические пособия
650 a Основная рубрика 50.41 Программное обеспечение вычислительных машин, комплексов и сетей
x Основная подрубрика 50.41.23 Программное обеспечение вычислительных сетей
653 a Ключевые слова программирование; вычислительная техника; цифровые вычислительные машины
901 t Тип документа m